00290nam a2200109Ia 4500008004000000020001600040082001500056100002000071245003700091260004400128300000800172210210b1987 xxu||||| |||| 00| 0 eng d a19 562020 8 a305.5 SRID aSRINIVAS (M N). aDominant caste and other essays. aDelhi.bOxford University Press.,c1987 a195